00953nam a2200205 a 450000100100000000500170001000800410002702000180006804000250008624501410011126000440025230000210029670000310031770000370034804900090038595201200039495201050051495201110061999900170073000002842620200930054934.0110408s2010 dr 000 0 spa d a9789945003413 aDO-SdBNPbspacBNPHU00aSortilegio :blos cuentos del taller de escritura creativa /cFrancequa Matheson... [et. al ] ; presentación Newcombe Sosa Santillana. aSanto Domingo :bEditora Búho,c2010. a127 p. ;c22 cm.1 aMatheson, Francequa9553761 aSosa Santillana, Newcombe955377 aBNPD 001054708DSaGRbGRcCTd2011-04-08iLF1l0o p28426-30r2020-06-25te. 3w2020-06-25yLFDSZPréstamo en sala 0010718PDaPDbPDcHDd2011-04-08iLF1l0o p28426-10r2020-06-25w2020-06-25yLFPDZNo se presta 0010718PDaPDbPDcCTd2011-04-08iLF1l0o p28426-20r2020-06-25te. 2w2020-06-25yLFPDZNo se presta c27918d27918